000 00550nam a2200193Ia 4500
003 OSt
005 20200729105125.0
008 190216s9999||||xx |||||||||||||| ||und||
020 _a8122403999
040 _coclc
082 _a515.9
_bCHO/E
100 _aChoudhary, B
_93834
245 0 _aThe Elements Of Complex Analysis /
_cB Choudhary
250 _a2nd Ed.
260 _bNew Age International Publishers,
_c1998.
_aNew Delhi:
300 _a333p
650 _aMathematics
942 _cBK
_2ddc
_h515.9
_iCHO/E
_k515.9
_mCHO/E
999 _c31310
_d31310